Statistics for Leading NFL WRs of the 2020s

Click here to take the quiz!

General Stats

  • This quiz has been taken 78 times
    (55 since last reset)
  • The average score is 140 of 320

Answer Stats

HintAnswer% Correct
3329Deebo Samuel
95%
851 | 1296Curtis Samuel
89%
3931Brandon Aiyuk
86%
1944 | 2952AJ Brown
84%
3588Amon-Ra St. Brown
84%
385Equanimeous St. Brown
84%
3320George Kittle
84%
4125Keenan Allen
84%
1283 | 1777Marquise Brown
84%
567 | 893Noah Brown
84%
1028Antonio Brown
82%
4470Cooper Kupp
82%
476Dynami Brown
82%
3178DeVonta Smith
80%
5899Justin Jefferson
80%
2515 | 3509Tyreek Hill
80%
1499Van Jefferson
80%
769 | 1028Christian McCaffrey
77%
547Irv Smith
77%
448 | 539 | 582Jonnu Smith
77%
933 | 960Juju Smith-Schuster
77%
1103Tre'Quan Smith
77%
1374Aaron Jones
75%
880Dalvin Cook
75%
1837Donovan Peoples-Jones
75%
625James Cook
75%
5372Stefon Diggs
75%
5145CeeDee Lamb
73%
1364 | 3238DJ Moore
73%
564Jared Cook
73%
771Julio Jones
73%
1013 | 1361Marvin Jones
73%
4420Mike Evans
73%
4863Travis Kelce
73%
700 | 1144Zay Jones
73%
1660Allen Robinson
70%
775Chris Moore
70%
2660 | 2927Davante Adams
70%
417David Moore
70%
4432DK Metcalf
70%
640 | 984Elijah Moore
70%
3717Ja'Marr Chase
70%
1486Puka Nacua
70%
1201Rondale Moore
70%
4364Terry McLaurin
70%
487Bijan Robinson
68%
428Brian Robinson
68%
3990Chris Godwin
68%
539David Johnson
68%
1057 | 2696DeAndre Hopkins
68%
458 | 730Demarcus Robinson
68%
3683Diontae Johnson
68%
2730Gabe Davis
68%
2145Garrett Wilson
68%
3385Jaylen Waddle
68%
1074Juwan Johnson
68%
3046Mike Williams
68%
3684Tee Higgins
68%
559Ty Johnson
68%
529Tyler Johnson
68%
752Wan'Dale Robinson
68%
1016 | 1655Calvin Ridley
66%
791Cedrick Wilson
66%
432Cedric Wilson
66%
984 | 1028Corey Davis
66%
620Javonte Williams
66%
874Rashard Higgins
66%
4156Tyler Lockett
66%
1979 | 2410Amari Cooper
64%
880Derrick Henry
64%
3053Jerry Jeudy
64%
3662Michael Pittman
64%
564Odell Beckham
64%
1771Drake London
61%
613 | 1531Hunter Henry
61%
2049Kyle Pitts
61%
2151Alvin Kamara
59%
2208Austin Ekeler
59%
2443Courtland Sutton
59%
3453Mark Andrews
59%
1057Michael Thomas
59%
941Saquon Barkley
59%
3098Tyler Boyd
59%
1014 | 2367Adam Thielen
57%
1578Dawson Knox
57%
586Ian Thomas
57%
1685Logan Thomas
57%
866Najee Harris
57%
2165Chris Olave
55%
963Jauan Jennings
55%
709Tank Dell
55%
657 | 2886Brandin Cooks
52%
1603 | 1895Christian Kirk
52%
717Ezekiel Elliott
52%
1269Joe Mixon
52%
433Miles Sanders
52%
2224Nico Collins
52%
1425Rob Gronkowski
52%
1233Sterling Shepard
52%
1479 | 1701TJ Hockenson
52%
858Zay Flowers
52%
2593Darnell Mooney
50%
552 | 2249Darren Waller
50%
626 | 726Emmanuel Sanders
50%
1941George Pickens
50%
2279Hunter Renfrow
50%
955Jonathan Taylor
50%
1282Josh Jacobs
50%
1845KJ Osborn
50%
2196Tyler Higbee
50%
524 | 1167Zach Ertz
50%
2648Dallas Goedert
48%
673Dalton Kincaid
48%
1198D'Andre Swift
48%
1062 | 1729Evan Engram
48%
911Jordan Addison
48%
938Rashee Rice
48%
809Breece Hall
45%
1033Christian Watson
45%
635 | 2000Dalton Schultz
45%
777Devin Singletary
45%
775Justin Watson
45%
2118Cole Kmet
43%
1055David Montgomery
43%
2198David Njoku
43%
414 | 792Hayden Hurst
43%
1002 | 1120Marquez Valdes-Scantling
43%
584Nick Chubb
43%
527 | 1492Robert Woods
43%
1212Tony Pollard
43%
424Kenneth Walker
41%
2130Michael Gallup
41%
1845Mike Gesicki
41%
839Rachaad White
41%
1093TY Hilton
41%
1752Allen Lazard
39%
2044Chase Claypool
39%
2584Darius Slayton
39%
417 | 478 | 966Gerald Everett
39%
807 | 2399Jakobi Meyers
39%
840James Conner
39%
618 | 1393Josh Reynolds
39%
1703Joshua Palmer
39%
900 | 1343Noah Fant
39%
889Sam LaPorta
39%
724Scotty Miller
39%
636Alexander Mattison
36%
485Anthony Miller
36%
933 | 1308DeVante Parker
36%
935Jake Ferguson
36%
628Jaxon Smith-Njigba
36%
772Kareem Hunt
36%
772Khalil Shakir
36%
1668Mecole Hardman
36%
1537Pat Freiermuth
36%
764Bryan Edwards
34%
1678Cole Beasley
34%
771Josh Downs
34%
1249Quez Watkins
34%
792Randall Cobb
34%
394 | 569Richie James
34%
513Sammy Watkins
34%
1107Alec Pierce
32%
1283Antonio Gibson
32%
1041Jahan Dotson
32%
793Jayden Reed
32%
667 | 1640Kendrick Bourne
32%
835 | 896Nelson Agholor
32%
1167Rashod Bateman
32%
1821Robbie Chosen
32%
665Treylon Burks
32%
523 | 1084AJ Green
30%
765Clyde Edwards-Helaire
30%
708Cordarrelle Patterson
30%
502 | 525 | 860DJ Chark
30%
1410Jarvis Landry
30%
1207Rashid Shaheed
30%
1099Romeo Doubs
30%
580CJ Uzomah
27%
602Kenny Golladay
27%
1476Tim Patrick
27%
792Travis Etienne
27%
781Tutu Atwell
27%
763AJ Dillon
25%
676Denzel Mims
25%
695Jalen Reagor
25%
584Jaylen Warren
25%
1210Leonard Fournette
25%
1060Moe Alie-Cox
25%
782Rhamondre Stevenson
25%
1260Robert Tonyan
25%
1090Trey McBride
25%
787 | 1173Tyler Conklin
25%
879Will Fuller
25%
780Austin Hooper
23%
846Cade Otton
23%
437Isaiah Ford
23%
623Jimmy Graham
23%
313Marquise Goodwin
23%
970Braxton Berrios
20%
898Devin Duvernay
20%
784Isaiah Likely
20%
811Jerick McKinnon
20%
620KJ Hamler
20%
334Kyle Rudolph
20%
594Melvin Gordon
20%
980Nyheim Hines
20%
1556Russell Gage
20%
1003Will Dissly
20%
561Demario Douglas
18%
1060Durham Smythe
18%
581Isaiah Hodgins
18%
677James Washington
18%
642Keelan Cole
18%
1213Olamide Zaccheaus
18%
856Paris Campbell
18%
525Brevin Jordan
16%
523Daniel Bellinger
16%
538DeAndre Carter
16%
764Donald Parham
16%
883Isaiah McKenzie
16%
1681Kalif Raymond
16%
817Kyle Juszczyk
16%
1219Laviska Shenault
16%
681Michael Carter
16%
1276Nick Westbrook-Ikhine
16%
455 | 549Samaje Perine
16%
548Tommy Tremble
16%
1013Zach Pascal
16%
701Cameron Brate
14%
329 | 604Damiere Byrd
14%
540Darrell Henderson
14%
791Harrison Bryant
14%
1112Jalen Guyton
14%
1146Jamison Crowder
14%
1159JC McKissic
14%
605Kenneth Gainwell
14%
399Mack Hollins
14%
354 | 378Ray-Ray McCloud
14%
586Trenton Irwin
14%
641Adam Trautman
11%
777Cam Sims
11%
713Chase Edmonds
11%
578Chuba Hubbard
11%
933Foster Moreau
11%
921Henry Ruggs
11%
650Myles Gaskin
11%
493N'Keal Harry
11%
539Travis Fulgham
11%
432Willie Snead
11%
546Albert Okwuegbunam
9%
602Danny Amendola
9%
769Deonte Harty
9%
591Drew Sample
9%
642Eric Ebron
9%
514Greg Ward
9%
1112Jordan Akins
9%
1069Marquez Callaway
9%
413Ross Dwelley
9%
767Terrace Marshall
9%
575Ben Skowronek
7%
978Chigoziem Okonkwo
7%
618Colby Parkinson
7%
641Jamal Agnew
7%
568Quintez Cephus
7%
417Trent Sherfield
7%
678Anthony Firkser
5%
502Freddie Swain
5%
762Greg Dortch
5%
508John Bates
5%
776Kylen Granson
5%
486Kendall Hinton
2%

Score Distribution

Percentile by Number Answered

Percent of People with Each Score

Your Score History

You have not taken this quiz since the last reset